10 Most Valuable Football Players in 2015 - Statistics

General Stats
  • This quiz has been taken 27 times
  • The average score is 10 of 10
Answer Stats
Value (€) Country Team (2015) Team now Answer % Correct
120M Portugal Real Madrid Al-Nassr Cristiano Ronaldo
100%
120M Argentina Barcelona Inter Miami Lionel Messi
100%
90M Uruguay Barcelona Inter Miami Luis Suárez
100%
100M Brazil Barcelona Santos Neymar
100%
70M Belgium Chelsea Eden Hazard
96%
80M Wales Real Madrid Gareth Bale
96%
80M Colombia Real Madrid Minnesota United James Rodríguez
96%
70M Poland Bayern Munich Barcelona Robert Lewandowski
96%
65M Argentina Paris Saint-Germain Rosario Central Ángel Di María
88%
75M Germany Bayern Munich Vancouver Whitecaps Thomas Müller
88%
No matching quizzes found
Score Distribution
Percent of People with Each Score
Percentile by Number Answered
Your Score History
You have not taken this quiz